Constructivist Paradigm of Teaching Learning/ (Record no. 199706)

MARC details
000 -LEADER
fixed length control field 00657nam a22001937a 4500
005 - DATE AND TIME OF LATEST TRANSACTION
control field 20231220112311.0
010 ## - LCCN (DPL NO)
LC control number ENG-138632
020 ## - INTERNATIONAL STANDARD BOOK NUMBER
International Standard Book Number 9789389740233
Terms of availability 995.00
035 ## - SYSTEM CONTROL NUMBER
System control number EN-122164
037 ## - SOURCE OF ACQUISITION
Source of stock number/acquisition DBAD/PUB
082 ## - DEWEY DECIMAL CLASSIFICATION NUMBER
Classification number 370.15
Edition number 1
100 ## - MAIN ENTRY--PERSONAL NAME
Personal name Valmiki, Anand
245 ## - TITLE STATEMENT
Title Constructivist Paradigm of Teaching Learning/
Statement of responsibility, etc By Anand Valmiki
250 ## - EDITION STATEMENT
Edition statement 1
260 ## - PUBLICATION, DISTRIBUTION, ETC. (IMPRINT)
Place of publication, distribution, etc New Delhi
Name of publisher, distributor, etc Neelkamal Publications Pvt. Ltd
Date of publication, distribution, etc 2020
270 ## - ADDRESS
Address 4761/1, 23, Ansari Road, Daryaganj
City New Delhi
Postal code 110002
Electronic mail address neelkamalbooks@gmail.com
Telephone number 011-23244237
-- 9811828953
300 ## - PHYSICAL DESCRIPTION
Extent xvi+229p.
Other physical details Index
Dimensions 25cm(hbk)
942 ## - ADDED ENTRY ELEMENTS (KOHA)
Source of classification or shelving scheme Dewey Decimal Classification
Item type English Books
Classification part 370.15
Call number suffix VAL
Edition 1
Holdings
Withdrawn status Lost status Not for loan Collection code Home library Current library Date acquired Source of acquisition Cost, normal purchase price Full call number Barcode Copy number Cost, replacement price Koha item type
      Non-fiction Central Library Central Library 20/12/2023 DBAD 995.00 370.15 VAL EN-122164 1 995.00 English Books

© Delhi Public Library
Hit Counter
free hit counter